000 00420nam a2200169Ia 4500
001 10046
005 20260306161803.0
008 260306t9999||||xx |||||||||||||| ||spa||
041 _aESP
082 _a869.57
_bL81 ej. 2
100 _aLoarte, Alejandro Freddy
_eAUT
245 0 _aEclosiòn del libertador Ramón Castilla (1810-1822)
300 _a
_c
650 _aGEN
654 _aCHU
942 _cLIB
_dJUS
_fJUS
_2ddc
_n
999 _c10046
_d10046